006360000a2200169000450024501190000065000190011965000130013865000200015165000210017165000290019265100610022165300410028204100140032370000230033710000360036077300700039610aAtelophus muisca, nueva especie de anfibio () para el Parque Nacional Natural Chingaza, Colombia14aHerpetología14aAnfibios14aNuevas especies14aAreas protegidas14aBiología de la especie 4lParque Nacional Natural ChingazadCundinamarcapColombia fBufonidaegAletopuseAletopus muisca0 aEspañol1 aHoyos, Julio Mario1 aRueda Almonacid, José Vicente1 tTrianea: Acta Científica y Tecnológica3159h4q471-480d1991